00594nam a22001697a 450000500170000001000150001702000270003203500140005903700130007308200210008610000150010724501290012226000450025127000640029630000250036050000390038520180419115019.0 aENG-122705 c1095.00a9780199474721 aEN-106237 bDBAD/PUB a809.933585492051 aChaity Das aIn the land of buried tongues :cby Chaity DasbTestimonies and literary narratives of the war of liberation of bangladesh / aNew DelhibOxford University Pressc2017 aYMCA Library Building, 1 Jai Singh Road,bNew Delhie110001 axix,338p. c22cm(Hb) aIncludes bibliographical and index